banner-ar

Medical parasitology / (Record no. 62219)

MARC details
000 -الفاتح
حقل البيانات ثابتة الطول 00719nam a22002417a 4500
005 - وقت وتاريخ اخر تعامل مع التسجيلة
رقم الضبط 20240530110539.0
008 - عناصر البيانات ثابتة الطول - معلومات عامة
حقل البيانات ثابتة الطول 160504s2014 ii a|||f |||| 001 0 eng d
020 ## - الرقم الدولى المعيارى للكتب
الرقم الدولى المعيارى للكتاب 9788123924113
040 ## - مصدر الفهرسة
وكالة الفهرسة الأصلية EG-CaGPL
082 04 - رقم تصنيف ديوى العشرى
رقم التصنيف 616.09 /
رقم المادة A M
رقم الطبعة 21
100 1# - المدخل الرئيسى - إسم شخصى
الإسم الشخصى Arora, D. R.
245 10 - بيان العنوان
العنوان Medical parasitology /
بيان المسئوليه,etc D.R.Arora, Brij Bala Arora.
250 ## - بيان الطبعة
بيان الطبعة 4th ed.
260 ## - PUBLICATION, DISTRIBUTION, ETC. (IMPRINT)
تاريخ النشر أو التوزيع 2014.
300 ## - الوصف المادى
التعداد xviii, 285 p. :
تفاصيل ماديه اخرى للوعاء ill. col ;
أبعاد الوعاء 29 cm.
500 ## - تبصرة عامة
تبصرة عامة Includes index.
650 04 - المدخل الاضافى بالموضوع-مصطلح موضوعى
مصطلح موضوعي medical parasitology
650 04 - المدخل الاضافى بالموضوع-مصطلح موضوعى
مصطلح موضوعي Parasites.
650 04 - المدخل الاضافى بالموضوع-مصطلح موضوعى
مصطلح موضوعي Parasitology.
700 1# - المدخل الاضافى - اسم شخصى
الإسم الشخصى Arora, Brij Bala
الدور author.
942 ## - عناصر المدخل الإضافي( كوها)
مصدر التصنيف او مخطط الترفيف Dewey Decimal Classification
Koha [default] item type كتاب
260 ## - PUBLICATION, DISTRIBUTION, ETC. (IMPRINT)
-- New Delhi :
-- CBS Publisher & Distributor pvt ltd,
Holdings
حالة التراجع حالة الفقد حالة تلف ليس للاعارة المكان المؤقت الموقع الحالى تاريخ الاكتساب اجمالي اﻻعارات رقم الطلب الباركود تاريخ اخر مشاهدة تاريخ تفعيل السعر نوع وعاء كوها
        مكتبة القاهرة الكبرى مكتبة القاهرة الكبرى 05/04/2016   616.09 / A M 161878 05/04/2016 05/04/2016 كتاب

Powered By

EGPV